MUSBY'S 2024 NURSING DURG REFERANCE (Record no. 27549)

MARC details
000 -LEADER
fixed length control field 00407nam a22001697a 4500
003 - CONTROL NUMBER IDENTIFIER
control field SGT
020 ## - INTERNATIONAL STANDARD BOOK NUMBER
International Standard Book Number 9788131267431
082 ## - DEWEY DECIMAL CLASSIFICATION NUMBER
Classification number 615.1
Item number M24S
100 ## - MAIN ENTRY--PERSONAL NAME
Personal name SKIDMORE-ROTH, LINDA
245 ## - TITLE STATEMENT
Title MUSBY'S 2024 NURSING DURG REFERANCE
250 ## - EDITION STATEMENT
Edition statement 7TH
260 ## - PUBLICATION, DISTRIBUTION, ETC. (IMPRINT)
Place of publication, distribution, etc INDIA
Name of publisher, distributor, etc ELSEVIER PUB
Year of Publication 2024
300 ## - PAGE DESCRIPTION
No. of Pages 1501
650 ## - SUBJECT ADDED ENTRY--TOPICAL TERM
Topical term or geographic name as entry element DRUG BOOK
653 ## - KEYWORDS--INDEX TERM
Keyword term MUSBY'S 2024 NURSING DURG REFERANCE
942 ## - ADDED ENTRY ELEMENTS (KOHA)
Source of classification or shelving scheme Dewey Decimal Classification
Koha item type Books
Holdings
Withdrawn status Lost status Source of classification or shelving scheme Damaged status Not for loan Collection code Home library Current library Shelving location Date acquired Vendor Name Cost, normal purchase price SGTU Bill Number Total Checkouts Full call number Accession No. (Barcode) Date last seen Bill Date Koha item type
    Dewey Decimal Classification   Not For Loan NURSING SGT Medical Library SGT Medical Library Reference Book 29/08/2024 ABC DELHI 1885.00 SGTU 19450   615.1 M24S FN5766 21/11/2024 29/08/2024 Books
    Dewey Decimal Classification   Not For Loan NURSING SGT Medical Library SGT Medical Library Reference Book 29/08/2024 ABC DELHI 1885.00 SGTU 19450   615.1 M24S FN5767 21/11/2024 29/08/2024 Books
    Dewey Decimal Classification   Not For Loan NURSING SGT Medical Library SGT Medical Library Reference Book 29/08/2024 ABC DELHI 1885.00 SGTU 19450   615.1 M24S FN5768 21/11/2024 29/08/2024 Books
    Dewey Decimal Classification   Not For Loan NURSING SGT Medical Library SGT Medical Library Reference Book 29/08/2024 ABC DELHI 1885.00 SGTU 19450   615.1 M24S FN5769 21/11/2024 29/08/2024 Books
    Dewey Decimal Classification   Not For Loan NURSING SGT Medical Library SGT Medical Library Reference Book 29/08/2024 ABC DELHI 1885.00 SGTU 19450   615.1 M24S FN5770 21/11/2024 29/08/2024 Books